LEADER 01076nam a2200265 4500 001 000000362252 003 CaOOAMICUS 005 20250327160730.0 008 250324s2025 it 000 u ita r 020 $a978-88-581-5566-0 040 $aSeMil$bita 100 1 $aZanatta, Loris.$0(OLS)http://semarc/name/121754 245 10$aBergoglio :$buna biografia politica /$cLoris Zanatta. 264 1$aBari ; Roma :$bLaterza,$c2025. 300 $aVIII, 305 p. ;$c21 cm 490 1 $aI Robinson. Letture 600 04$aFrancesco I .$0(OLS)http://semarc/subject/15916 830 2$aI Robinson. Letture.$0(OLS)http://semarc/title/10756 850 $aSeMil 852 $aSeMil$W1$xVenegono$y1$m3A II 449$j255478$B253175$CSeMilBibl$Z2$F253175 $81 961 $aBonazzoli don Davide - Omaggio 996 $6020$a978-88-581-5566-0$9(OLS)http://semarc/number/302833 996 $6245$aBergoglio :$buna biografia politica$9(OLS)http://semarc/title/453137 996 $6264$aBari ; Roma :$bLaterza$9(OLS)http://semarc/publisher/61628 LEADER 01085nam a2200265 i 4500 001 000000066083 003 CaOOAMICUS 005 20120510000000.0 008 120510s1969 it u000 u ita u 013 $a37255 040 $aSeMil$bita 100 1 $aCerfaux, Lucien <1883-1968>.$0(OLS)http://semarc/name/4185 240 13$aLe chrétien dans la théologie paulinienne.$0(OLS)http://semarc/title/105021 245 13$aIl cristiano nella teologia paolina /$cLucien Cerfaux. 260 $aRoma :$bAVE,$ccopyr. 1969. 300 $a651 p. ;$c22 cm. 490 0 $aTeologia oggi ;$v11 500 $aContiene : Indice dei riferimenti biblici. 650 4$aTeologia biblica - NT - Lettere di Paolo.$0(OLS)http://semarc/subject/1087 830 0$aTeologia oggi ;$v11.$0(OLS)http://semarc/title/653 850 $aSeMil 852 $aSeMil$W1$xVenegono$y1$m2D V 128$j32236$B32236$CSeMilBibl$Z2$F32239 $81 961 $aOmaggio: Donazione 996 $6245$aIl cristiano nella teologia paolina$9(OLS)http://semarc/title/105020 996 $6260$aRoma :$bAVE$9(OLS)http://semarc/publisher/30251